Vyučovací metody na vysoké škole praktický průvodce výukou v prezenční i distanční formě studia

Na minha lista:
Detalhes bibliográficos
Autor principal: Rohlíková, Lucie
Outros Autores: Vejvodová, Jana
Formato: Livro
Idioma:tcheco
Publicado em: Praha GRADA Publishing 2012
Assuntos:
Tags: Adicionar Tag
Sem tags, seja o primeiro a adicionar uma tag!

MARC

LEADER 00000nam a2200000 4500
001 0194939
005 20240313090611.7
020 |a 978-80-247-4152-9 
041 0 |a cze 
044 |a CZ 
245 1 0 |a Vyučovací metody na vysoké škole  |b praktický průvodce výukou v prezenční i distanční formě studia  |c Lucie Rohlíková, Jana Vejvodová 
264 1 |a Praha  |b GRADA Publishing  |c 2012 
300 |a 281 s. 
610 2 0 |a vyučovanie 
610 2 0 |a školy vysoké 
610 2 0 |a prednášky 
610 2 0 |a semináre 
610 2 0 |a prezentácia 
610 2 0 |a vzdelávanie dištančné 
610 2 0 |a vzdelávanie elektronické 
100 1 |a Rohlíková, Lucie 
700 1 |a Vejvodová, Jana